Auditing and assurance services : (Record no. 96537)
[ view plain ]
| 000 -LEADER | |
|---|---|
| fixed length control field | 00825nam a2200265 a 4500 |
| 008 - FIXED-LENGTH DATA ELEMENTS--GENERAL INFORMATION | |
| fixed length control field | |
| 020 ## - INTERNATIONAL STANDARD BOOK NUMBER | |
| International Standard Book Number | 0073526908 (hbk.) |
| 049 ## - LOCAL HOLDINGS (OCLC) | |
| Holding library | MAIN |
| 090 ## - LOCALLY ASSIGNED LC-TYPE CALL NUMBER (OCLC); LOCAL CALL NUMBER (RLIN) | |
| Classification number (OCLC) (R) ; Classification number, CALL (RLIN) (NR) | HF5667 |
| Local cutter number (OCLC) ; Book number/undivided call number, CALL (RLIN) | MES |
| 003 - CONTROL NUMBER IDENTIFIER | |
| control field | |
| 005 - DATE AND TIME OF LATEST TRANSACTION | |
| control field | 20230120133840.0 |
| 040 ## - CATALOGING SOURCE | |
| Transcribing agency | NUST |
| 100 1# - MAIN ENTRY--PERSONAL NAME | |
| Personal name | Messier, William F. |
| 245 10 - TITLE STATEMENT | |
| Title | Auditing and assurance services : |
| Remainder of title | a systematic approach / |
| Statement of responsibility, etc. | William F. Messier, Steven M. Glover and Douglas F. Prawitt. |
| 250 ## - EDITION STATEMENT | |
| Edition statement | 6th ed. |
| 260 ## - PUBLICATION, DISTRIBUTION, ETC. | |
| Place of publication, distribution, etc. | New York : |
| Name of publisher, distributor, etc. | McGraw-Hill, |
| Date of publication, distribution, etc. | 2008. |
| 300 ## - PHYSICAL DESCRIPTION | |
| Extent | xxxii, 786 p. : |
| Other physical details | ill. (some col.) ; |
| Dimensions | 28 cm. |
| 500 ## - GENERAL NOTE | |
| General note | Includes index. |
| 504 ## - BIBLIOGRAPHY, ETC. NOTE | |
| Bibliography, etc. note | Includes bibliographical references. |
| 650 #0 - SUBJECT ADDED ENTRY--TOPICAL TERM | |
| Topical term or geographic name entry element | Auditing. |
| 700 1# - ADDED ENTRY--PERSONAL NAME | |
| Personal name | Glover, Steven M. |
| 700 1# - ADDED ENTRY--PERSONAL NAME | |
| Personal name | Prawitt, Douglas F. |
| 907 ## - LOCAL DATA ELEMENT G, LDG (RLIN) | |
| a | .b10288752 |
| b | 20-07-18 |
| c | 16-12-10 |
| 942 ## - ADDED ENTRY ELEMENTS (KOHA) | |
| Koha item type | Ordinary Loan Books |
| Call number prefix | HF5667 |
| Call number suffix | MES |
| Date last seen | Total Checkouts | Full call number | Barcode | Cost, replacement price | Price effective from | Koha item type | Lost status | Source of classification or shelving scheme | Damaged status | Not for loan | Collection | Withdrawn status | Home library | Current library | Shelving location | Date acquired | Cost, normal purchase price |
|---|---|---|---|---|---|---|---|---|---|---|---|---|---|---|---|---|---|
| 01/20/2023 | 1 | HF5667 MES | 92004016471 | 80.00 | 01/20/2023 | BOOKS | LCC | NFIC | GSB | GSB | GEN | 01/20/2023 | 80.00 |